Devotional retellings of an epic narrative, (Record no. 532888)

000 -LEADER
fixed length control field 00493nam a22001457a 4500
008 - FIXED-LENGTH DATA ELEMENTS--GENERAL INFORMATION
fixed length control field 260330b ||||| |||| 00| 0 eng d
100 ## - MAIN ENTRY--PERSONAL NAME
Personal name Pillai, Sohini Sarah and Mahabharatas, Krishna’s
245 ## - TITLE STATEMENT
Title Devotional retellings of an epic narrative,
260 ## - PUBLICATION, DISTRIBUTION, ETC. (IMPRINT)
Place of publication, distribution, etc Social Scientist
300 ## - PHYSICAL DESCRIPTION
Extent 53(9-10), Sep-Oct, 2025: p.75-82
520 ## - SUMMARY, ETC.
Summary, etc Oxford university press, 2024, xiv+278, Rs. 1095. – Reproduced
773 ## - HOST ITEM ENTRY
Main entry heading Social Scientist
906 ## - LOCAL DATA ELEMENT F, LDF (RLIN)
Subject DIP BOOK REVIEW
942 ## - ADDED ENTRY ELEMENTS (KOHA)
Item type Articles
Holdings
Withdrawn status Lost status Source of classification or shelving scheme Damaged status Not for loan Permanent location Current location Date acquired Serial Enumeration / chronology Barcode Date last seen Koha item type
          Indian Institute of Public Administration Indian Institute of Public Administration 2026-03-30 53(9-10), Sep-Oct, 2025: p.75-82 AR138406 2026-03-30 Articles

Powered by Koha